Выбранные места из переписки с друзьями; Выбранные места из переписки с друзьями Николая Гоголя; Авторская исповедь; Размышления о Божественной Литургии; Правило жития в мире; Духовное завещание Н. В. Гоголя

التفاصيل البيبلوغرافية
المؤلف الرئيسي: Гоголь Н. В. Николай Васильевич
مؤلفون آخرون: Воропаев В. А. (автор предисловия), Шевцов М. К. (иллюстратор)
اللغة:الروسية
منشور في: Москва, Советская Россия, 1990
TOC:Выбранные места из переписки с друзьями Николая Гоголя;
Авторская исповедь;
Размышления о Божественной Литургии;
Правило жития в мире;
Духовное завещание Н. В. Гоголя;
الموضوعات:
التنسيق: MixedMaterials كتاب
KOHA link:https://koha.lib.tpu.ru/cgi-bin/koha/opac-detail.pl?biblionumber=112819

MARC

LEADER 00000nam0a2200000 4500
001 112819
005 20231101215102.0
010 |a 5268011375 
020 |a RU  |b 91-9057 
035 |a (RuTPU)RU\TPU\book\121988 
090 |a 112819 
100 |a 20070403d1990 m y0rusy5003 ca 
101 0 |a rus 
102 |a RU 
105 |a a z 001ay 
200 1 |a Выбранные места из переписки с друзьями  |f Н. В. Гоголь  |g авт. предисл., сост. В. А. Воропаев; худож. М. К. Шевцов 
210 |a Москва  |c Советская Россия  |d 1990 
215 |a 428,[2] с., [1] л. портр.  |d 17 см 
320 |a Библиогр. в примеч.: с. 382-429 
464 |t Выбранные места из переписки с друзьями Николая Гоголя 
464 |t Авторская исповедь 
464 |t Размышления о Божественной Литургии 
464 |t Правило жития в мире 
464 |t Духовное завещание Н. В. Гоголя 
610 1 |a русская литература 
610 1 |a Россия 
610 1 |a духовное завещание 
675 |a Р1  |z rus 
700 1 |a Гоголь  |b Н. В.  |c русский писатель  |f 1809-1852  |g Николай Васильевич  |2 stltpush  |3 (RuTPU)RU\TPU\pers\1036  |9 459 
702 1 |a Воропаев  |b В. А.  |4 080 
702 1 |a Шевцов  |b М. К.  |4 440 
801 0 |a RU  |b RuMRKP  |c 19950417  |g psbo 
801 1 |a RU  |b 63413507  |c 20070403  |g PSBO 
801 2 |a RU  |b 63413507  |c 20070423  |g PSBO 
942 |c BK